Personnages de Neon Genesis Evangelion par images - Statistiques

Statistiques générales
  • Ce quiz a été pris 202 fois
  • Le résultat moyen est 10 sur 16
Statistiques - réponses
Par images Réponse % Correct
Shinji Ikari
99%
Rei Ayanami
95%
Asuka Sōryū Langley
91%
Misato Katsuragi
84%
Gendō Ikari
77%
Pen Pen
75%
Adam
68%
Lilith
62%
Kaworu Nagisa
60%
Ritsuko Akagi
49%
Ryōji Kaji
46%
Tōji Suzuhara
42%
Yui Ikari
39%
Kensuke Aida
29%
Kōzō Fuyutsuki
29%
Hikari Horaki
27%
Aucun quiz correspondant
Distribution des résultats
% des personnes avec chaque résultat
Percentile par nombre de réponses
Votre historique - résultats
Vous n’avez pas pris ce quiz